Unikáty puškařských mistrů

Podrobná bibliografia
Hlavný autor: Knotek, Jiří (Autor)
Ďalší autori: Čtvrtečka, Ilja (Fotograf)
Médium: Článok
Jazyk:čeština
Fyzický popis:Fotogr.
ISSN:1212-5210
Predmet:

MARC

LEADER 00000nab a2200000 a 4500
001 vtls010647612
003 SK-MaSNL
005 20260305005557.0
008 150119 2015 xo m p 000 0 cze
015 |a SNBRB2015/01  |2 lmaosk 
040 |a LMAOSK  |b slo  |c LMAOSK  |e AACR2 
041 0 |a cze 
044 |a xo  |c SK 
080 |a 623.441/.443  |2 2001 
080 |a 623.442(091)  |2 2001 
080 |a (046)  |2 2001 
100 1 |a Knotek, Jiří  |4 aut  |9 604284 
245 1 0 |a Unikáty puškařských mistrů  |c Jiří Knotek ; foto Ilja Čtvrtečka 
300 |b Fotogr. 
648 7 |a 19. stor.  |2 SNKPH  |9 278793 
650 0 7 |a strelné zbrane  |2 SNKPH  |9 68540 
650 0 7 |a puškárstvo  |x dejiny  |2 SNKPH  |9 1584481 
655 7 |a články  |2 SNKPH  |9 70601 
700 1 |a Čtvrtečka, Ilja  |4 pht  |9 1082823 
773 0 |t Zbraně & náboje  |g Roč. XVII, č. 1 (2015), s. 40-[42]  |x 1212-5210 
852 |a LMAOSK  |b KIS3GCP 
958 |a NB 
999 |c 3241213  |d 3243143